| 000 | 00000nam 2200000zi 4500 |
| 001 | 9.927928 |
| 003 | CaOODSP |
| 005 | 20250218144827 |
| 006 | m o d f |
| 007 | cr ||||||||||| |
| 008 | 230928t20232023onc ob f100 0 fre d |
| 020 | |a9780660681184 |
| 040 | |aCaOODSP|bfre|erda|cCaOODSP |
| 043 | |an-cn--- |
| 086 | 1 |aMR4-140/2023F-PDF |
| 245 | 00|aÉvaluation des approches de réduction des méfaits face à la crise des opioïdes dans le contexte de la COVID-19 (évaluation pour un approvisionnement plus sécuritaire) : |bcompte rendu du forum d'échange de connaissances de mi-parcours. |
| 264 | 1|a[Ottawa] : |bInstituts de recherche en santé du Canada = Canadian Institutes of Health Research, |c2023. |
| 264 | 4|c©2023 |
| 300 | |a1 ressource en ligne (12 pages) |
| 336 | |atexte|btxt|2rdacontent/fre |
| 337 | |ainformatique|bc|2rdamedia/fre |
| 338 | |aressource en ligne|bcr|2rdacarrier/fre |
| 500 | |aPublié aussi en anglais sous le titre : Evaluation of harm reduction approaches to address the opioid crisis in the context of COVID-19 — safer supply evaluation: midpoint knowledge exchange forum: what we heard report. |
| 500 | |a« Date : 10 mai 2023. Lieu : réunion virtuelle. » |
| 504 | |aComprend des références bibliographiques. |
| 650 | 6|aOpioïdes|xSurdosage|xRecherche|zCanada. |
| 650 | 6|aRéduction des méfaits|zCanada. |
| 650 | 6|aPandémie de COVID-19, 2020-2023|xAspect sanitaire|zCanada. |
| 710 | 2 |aInstituts de recherche en santé du Canada, |eorganisme de publication. |
| 710 | 2 |aInstitut des neurosciences, de la santé mentale et des toxicomanies (Canada), |eorganisme de publication. |
| 775 | 08|tEvaluation of harm reduction approaches to address the opioid crisis in the context of COVID-19 — safer supply evaluation : |w(CaOODSP)9.927926 |
| 856 | 40|qPDF|s652 Ko|uhttps://publications.gc.ca/collections/collection_2024/irsc-cihr/MR4-140-2023-fra.pdf |
| 856 | 4 |qHTML|sS.O.|uhttps://cihr-irsc.gc.ca/f/53660.html |